Größte Städte in Baden-Württemberg A-Z - Statistiken

Allgemein
  • Dieses Quiz wurde 572 mal gespielt
  • Das Durchschnittsergebnis liegt bei 15 aus 22
Antwortstatistiken
# Einwohner Stadt % Korrekt
S 612.663 Stuttgart
97%
K 309.050 Karlsruhe
95%
M 318.035 Mannheim
93%
F 237.460 Freiburg im Breisgau
92%
H 155.756 Heidelberg
91%
U 129.882 Ulm
90%
P 134.912 Pforzheim
84%
R 118.852 Reutlingen
84%
T 92.322 Tübingen
82%
V 89.756 Villingen-Schwenningen
78%
A 67.621 Aalen
77%
E 96.182 Esslingen am Neckar
77%
L 92.858 Ludwigsburg
73%
B 56.881 Baden-Baden
64%
G 58.937 Göppingen
60%
O 62.993 Offenburg
59%
N 40.773 Nürtingen
47%
W 57.313 Waiblingen
47%
C 35.755 Crailsheim
44%
I 15.145 Isny im Allgäu
19%
D 22.666 Ditzingen
14%
Z 8.129 Zell am Harmersbach
14%
Keine übereinstimmenden Quizze gefunden
Verteilung der Resultate
Anzahl Personen mit jedem Resultat
Perzentil nach korrekt beantworteten Fragen
Ihre Resultats-Entwicklung
Sie haben dieses Quiz noch nicht gespielt